Pío IV y Felipe Segundo : (Record no. 162188)

MARC details
000 -LEADER
campo de control de longitud fija 01016nam a2200229 i 4500
001 - NÚMERO DE CONTROL
campo de control 162188
003 - IDENTIFICADOR DE NÚMERO DE CONTROL
campo de control ES-MaACL
005 - FECHA Y HORA DE LA ÚLTIMA TRANSACCIÓN
campo de control 20250824202553.0
008 - DATOS DE LONGITUD FIJA--INFORMACIÓN GENERAL
campo de control de longitud fija 931025s1891 sp |||| | spa d
245 00 - MENCIÓN DEL TÍTULO
Título Pío IV y Felipe Segundo :
Resto del título primeros diez meses de la embajada de Don Luis de Requesens en Roma, 1563-64.
260 ## - PUBLICACIÓN, DISTRIBUCIÓN, ETC.
Lugar de publicación, distribución, etc. Madrid :
Nombre del editor, distribuidor, etc. [s.n.],
Fecha de publicación, distribución, etc. 1891 (
Fabricante Imp. de Rafael Marco)
300 ## - DESCRIPCIÓN FÍSICA
Extensión XV, 452 p. ;
Dimensiones 17 cm.
490 1# - MENCIÓN DE SERIE
Mención de serie Colección de libros españoles raros o curiosos ;
Designación de volumen o secuencia 20
530 ## - NOTA DISPONIBLE DE FORMULARIO FÍSICO ADICIONAL
Nota de formato físico adicional disponible Disponible en formato digital.
600 27 - PUNTO DE ACCESO ADICIONAL DE MATERIA--NOMBRE DE PERSONA
Nombre de persona Requesens y Zúñiga, Luis de,
Fechas asociadas al nombre 1528-1576
Fuente del encabezamiento o término
9 (RLIN) 131727
610 24 - PUNTO DE ACCESO ADICIONAL DE MATERIA--NOMBRE DE ENTIDAD CORPORATIVA
Nombre de entidad corporativa o nombre de jurisdicción como elemento de entrada Iglesia Católica-
Subdivisión general Relaciones-
Subdivisión geográfica España.
9 (RLIN) 151832
651 #4 - PUNTO DE ACCESO ADICIONAL DE MATERIA--NOMBRE GEOGRÁFICO
Nombre geográfico España-
Subdivisión general Relaciones-
-- Iglesia Católica.
9 (RLIN) 149728
830 10 - PUNTO DE ACCESO ADICIONAL DE SERIE-TÍTULO UNIFORME
Título uniforme Colección de libros españoles raros o curiosos
Designación de volumen o secuencia 20
9 (RLIN) 187911
852 ## - LOCALIZACIÓN
Ubicación ES-MaACL
Número de control de estantería R-2187
Nota libre -- Enc. hol.
856 ## - LOCALIZACIÓN Y ACCESO ELECTRÓNICOS
Identificador Uniforme de Recursos <a href="http://bibliotecadigital.jcyl.es/es/consulta/registro.do?id=20932">http://bibliotecadigital.jcyl.es/es/consulta/registro.do?id=20932</a>
Nota pública Biblioteca Digital de Castilla y León
Holdings
Estatus retirado Estado de pérdida Estado de daño No para préstamo Colección Biblioteca de origen Biblioteca actual Ubicación en estantería Fecha de adquisición Fuente de adquisición Total de préstamos Signatura topográfica completa Código de barras Visto por última vez Precio de reemplazo Tipo de ítem Koha
        Colección digital Biblioteca del Ateneo de Madrid Biblioteca del Ateneo de Madrid Depósito 17/01/2008     R-2187 1169910 23/02/2023 23/02/2023 Libro impreso antiguo